000 00848nam a22002177a 4500
005 20170706095840.0
010 _aBAC-EN21
020 _a9788121932110
_c495.00
035 _aB-589280-309
035 _aB-668091
037 _aTechniz/Ven
_bdpl
082 _a005
100 _aNagpal, D.P.
245 _aGraduate Aptitude Test in Engineering Gate Computer Science and Information Technology/
_cby D.P.Nagpal
260 _aNew Delhi
_bS.Chand & Company
_c2013
270 _a7361, Ram Nagar
_bNew Delhi
_e110055
300 _a765p.
_bill.
_c22cm(pbk)
942 _2ddc
_cEN
_h005
_mNAG
999 _c88814
_d88814